[Event "Napoli Vomero Settembre op 5th"]
[Site "Napoli"]
[Date "2008.10.16"]
[Round "3"]
[White "Caccaviello, Vincenzo"]
[Black "Romano, Felice"]
[Result "1-0"]
[WhiteElo "1700"]
[BlackElo "1461"]
[PlyCount "95"]
[EventDate "2008.10.02"]
[EventType "swiss"]
[EventRounds "5"]
[EventCountry "ITA"]
[SourceTitle "EXT 2011"]
[Source "ChessBase"]
[SourceDate "2010.11.26"]
[SourceVersion "1"]
[SourceVersionDate "2010.11.26"]
[SourceQuality "1"]

1. e4 c5 2. Nf3 d6 3. d4 cxd4 4. Nxd4 Nf6 5. Nc3 a6 6. a4 Nc6 7. Be2 e6 8. 0-0 Be7 9. Be3 Bd7 10. h3 Qc7 11. Nb3 0-0 12. a5 Rac8 13. Re1 Qb8 14. f3 Ne5 15. Na4 Bxa4 16. Rxa4 d5 17. exd5 Nxd5 18. Bf2 Bd6 19. c3 Rfd8 20. Qb1 Ng6 21. Bd3 Ndf4 22. Bf1 Be5 23. Rd1 Bf6 24. Nc5 Bh4 25. Rxd8+ Rxd8 26. g3 Nxh3+ 27. Bxh3 Bxg3 28. Qc2 Nh4 29. Rxh4 Bxh4 30. Bxh4 Rd5 31. b4 b6 32. Nxe6 bxa5 33. bxa5 Qd6 34. Nd4 Rh5 35. Qe4 g6 36. Bf1 Rxa5 37. Bc4 Ra1+ 38. Kg2 a5 39. Qe8+ Kg7 40. Qxf7+ Kh6 41. Bf6 Rg1+ 42. Kxg1 Qg3+ 43. Kf1 Qh3+ 44. Ke2 Qg2+ 45. Ke3 Qg1+ 46. Ke4 Qb1+ 47. Kd5 Qb6 48. Qg7+ 1-0

[Event "Napoli Vomero Settembre op 5th"]
[Site "Napoli"]
[Date "2008.10.02"]
[Round "1"]
[White "Caccaviello, Vincenzo"]
[Black "Supino, Domenico"]
[Result "0-1"]
[WhiteElo "1700"]
[BlackElo "2080"]
[PlyCount "66"]
[EventDate "2008.10.02"]
[EventType "swiss"]
[EventRounds "5"]
[EventCountry "ITA"]
[SourceTitle "EXT 2011"]
[Source "ChessBase"]
[SourceDate "2010.11.26"]
[SourceVersion "1"]
[SourceVersionDate "2010.11.26"]
[SourceQuality "1"]

1. e4 c5 2. Nf3 e6 3. d4 cxd4 4. Nxd4 Nf6 5. Nc3 Nc6 6. Bg5 Be7 7. Bd3 Bb4 8. f3 d5 9. Nxc6 bxc6 10. Bd2 e5 11. exd5 cxd5 12. Bb5+ Bd7 13. Qe2 0-0 14. Bxd7 Qxd7 15. 0-0 Rfe8 16. a3 Bc5+ 17. Kh1 Qf5 18. Rac1 Rab8 19. b4 Bb6 20. Na4 Bc7 21. c4 d4 22. Nc5 Rbd8 23. Qd3 Qh5 24. Ne4 Nd7 25. c5 Qg6 26. Nf2 f5 27. Rfe1 Kh8 28. a4 Nf6 29. a5 e4 30. fxe4 fxe4 31. Nxe4 Nxe4 32. Rxe4 Rxe4 33. Qb5 Qh5 0-1